[Event "Hannover Region-ch"]
[Site "Hannover"]
[Date "2007.03.10"]
[Round "5"]
[White "Gehrke, Torsten"]
[Black "Wittur, Helge"]
[Result "1-0"]
[WhiteElo "1721"]
[BlackElo "1869"]
[PlyCount "81"]
[EventDate "2007.01.13"]
[EventType "swiss"]
[EventRounds "7"]
[EventCountry "GER"]
[SourceTitle "EXT 2021"]
[Source "ChessBase"]
[SourceDate "2020.10.23"]
[SourceVersion "1"]
[SourceVersionDate "2020.10.23"]
[SourceQuality "1"]

1. e4 c5 2. Nf3 d6 3. d4 cxd4 4. Nxd4 Nf6 5. Nc3 Nc6 6. Be3 e6 7. Be2 Be7 8. 0-0 0-0 9. f4 e5 10. Nb3 exf4 11. Rxf4 Ne5 12. Nd4 Be6 13. Nf5 Ng6 14. Rf1 d5 15. Nxe7+ Qxe7 16. Qd4 dxe4 17. Bg5 Rfd8 18. Qe3 Bd5 19. Rf5 Bc6 20. Raf1 Rd6 21. h4 Bd7 22. Bxf6 Rxf6 23. Rxf6 gxf6 24. h5 Ne5 25. Nd5 Qf8 26. Nxf6+ Kh8 27. Qxe4 Qg7 28. Qxe5 Re8 29. h6 Rxe5 30. hxg7+ Kxg7 31. Bd3 Bc6 32. Nxh7 Bb5 33. Nf6 Bxd3 34. cxd3 Re3 35. Nh5+ Kg6 36. Nf4+ Kg5 37. d4 Re4 38. Nh3+ Kg6 39. Rd1 Kf6 40. Kf2 Ke7 41. Re1 1-0

[Event "Hannover Region-ch"]
[Site "Hannover"]
[Date "2007.02.17"]
[Round "4"]
[White "Ellinger, Peter"]
[Black "Gehrke, Torsten"]
[Result "1/2-1/2"]
[WhiteElo "1927"]
[BlackElo "1721"]
[PlyCount "83"]
[EventDate "2007.01.13"]
[EventType "swiss"]
[EventRounds "7"]
[EventCountry "GER"]
[SourceTitle "EXT 2021"]
[Source "ChessBase"]
[SourceDate "2020.10.23"]
[SourceVersion "1"]
[SourceVersionDate "2020.10.23"]
[SourceQuality "1"]

1. e4 e5 2. Nf3 Nc6 3. Bb5 a6 4. Ba4 Nf6 5. 0-0 Be7 6. Re1 b5 7. Bb3 d6 8. c3 Bg4 9. h3 Bh5 10. d3 d5 11. exd5 Nxd5 12. g4 Bg6 13. Nxe5 Qd6 14. Nxc6 Qxc6 15. Qf3 Rd8 16. Bf4 Bxd3 17. Bxc7 Rd7 18. a4 Bc4 19. axb5 Qxc7 20. Bxc4 Qxc4 21. bxa6 0-0 22. b4 Bf6 23. a7 Rdd8 24. Rd1 Qc6 25. a8Q Rxa8 26. Rxa8 Qxa8 27. Qxd5 Qa1 28. Qb3 h5 29. gxh5 Re8 30. b5 Re2 31. Na3 Qxc3 32. Qxc3 Bxc3 33. Rd8+ Kh7 34. b6 Rb2 35. Nc4 Rb4 36. Rc8 Bd4 37. Rc6 f6 38. Kg2 Kh6 39. Nd6 Bxb6 40. Nf5+ Kh7 41. f3 Rb5 42. Nd6 1/2-1/2

[Event "Langenhagen-ch op"]
[Site "Langenhagen"]
[Date "2006.07.23"]
[Round "7"]
[White "Gehrke, Torsten"]
[Black "Lutter Tschoerner, Margret"]
[Result "1-0"]
[WhiteElo "1712"]
[BlackElo "1143"]
[PlyCount "53"]
[EventDate "2006.05.27"]
[EventType "tourn"]
[EventRounds "7"]
[EventCountry "GER"]
[SourceTitle "EXT 2021"]
[Source "ChessBase"]
[SourceDate "2020.10.23"]
[SourceVersion "1"]
[SourceVersionDate "2020.10.23"]
[SourceQuality "1"]

1. e4 e5 2. Nf3 Nf6 3. d4 exd4 4. e5 Nd5 5. Qxd4 c6 6. c4 Bb4+ 7. Nc3 Bxc3+ 8. bxc3 Nc7 9. Ba3 Ne6 10. Qd6 c5 11. Bxc5 Nxc5 12. Qxc5 Na6 13. Qd4 0-0 14. 0-0-0 Qe7 15. Bd3 Nc5 16. Bc2 b6 17. h4 Bb7 18. Ng5 Ne6 19. Bxh7+ Kh8 20. Qe3 Nxg5 21. hxg5 g6 22. Bxg6+ Kg7 23. Rh7+ Kxg6 24. Qd3+ Kxg5 25. Rg7+ Kf4 26. g3+ Kxe5 27. Re1+ 1-0

[Event "Langenhagen-ch op"]
[Site "Langenhagen"]
[Date "2006.07.20"]
[Round "3"]
[White "Gehrke, Torsten"]
[Black "Chmelev, Alex"]
[Result "1-0"]
[WhiteElo "1712"]
[BlackElo "1396"]
[PlyCount "57"]
[EventDate "2006.05.27"]
[EventType "tourn"]
[EventRounds "7"]
[EventCountry "GER"]
[SourceTitle "EXT 2021"]
[Source "ChessBase"]
[SourceDate "2020.10.23"]
[SourceVersion "1"]
[SourceVersionDate "2020.10.23"]
[SourceQuality "1"]

1. e4 g6 2. d4 Bg7 3. Nc3 d6 4. Nf3 c6 5. a4 Bg4 6. Be2 Qb6 7. a5 Qc7 8. Be3 Nd7 9. Qd2 Ngf6 10. h3 Bxf3 11. Bxf3 0-0 12. g4 b5 13. Nxb5 cxb5 14. g5 Nxe4 15. Bxe4 Rac8 16. h4 e5 17. h5 Rfe8 18. hxg6 hxg6 19. d5 Nf8 20. f3 a6 21. Rh3 Qe7 22. 0-0-0 f5 23. gxf6 Qxf6 24. Bg5 Qf7 25. Rdh1 Qc7 26. Qh2 Qxa5 27. Rh8+ Kf7 28. Rxf8+ Rxf8 29. Bxg6+ 1-0

[Event "Langenhagen-ch op"]
[Site "Langenhagen"]
[Date "2006.06.03"]
[Round "2"]
[White "Kothrade, Andreas"]
[Black "Gehrke, Torsten"]
[Result "1-0"]
[WhiteElo "1466"]
[BlackElo "1712"]
[PlyCount "121"]
[EventDate "2006.05.27"]
[EventType "tourn"]
[EventRounds "7"]
[EventCountry "GER"]
[SourceTitle "EXT 2021"]
[Source "ChessBase"]
[SourceDate "2020.10.23"]
[SourceVersion "1"]
[SourceVersionDate "2020.10.23"]
[SourceQuality "1"]

1. d4 Nf6 2. Nf3 e6 3. Bg5 h6 4. Bxf6 Qxf6 5. c4 c5 6. e3 Nc6 7. Nc3 cxd4 8. exd4 Bb4 9. Rc1 d5 10. c5 a6 11. Be2 0-0 12. 0-0 Ba5 13. a3 Bc7 14. Qd3 Bf4 15. Rce1 Bd7 16. Bd1 Rfe8 17. Bc2 g6 18. Na4 Rad8 19. Nb6 Nb8 20. Nxd7 Nxd7 21. Ba4 Re7 22. Qc3 Rc8 23. Qd3 Nb8 24. g3 Bc7 25. Kg2 g5 26. Qb3 Ba5 27. Rd1 b5 28. cxb6 Rb7 29. Qd3 Bxb6 30. Rc1 Rbc7 31. Rxc7 Rxc7 32. Bc2 Qg7 33. Qb3 Nd7 34. Qa4 g4 35. Ne5 Nxe5 36. dxe5 Qxe5 37. Qxg4+ Kf8 38. Qb4+ Bc5 39. Qb8+ Kg7 40. Bd3 Qd6 41. Rc1 a5 42. b4 axb4 43. axb4 Bb6 44. Rxc7 Bxc7 45. Qb7 Bb6 46. Bb5 e5 47. Bc6 d4 48. Qxb6 d3 49. Qb5 d2 50. Bf3 f6 51. Qc5 d1Q 52. Bxd1 Qxd1 53. b5 Kg6 54. b6 Qd7 55. Qc7 Qd5+ 56. Kh3 Qe6+ 57. g4 h5 58. f3 e4 59. Kg3 e3 60. gxh5+ Kxh5 61. Qh7+ 1-0

[Event "Langenhagen-ch op"]
[Site "Langenhagen"]
[Date "2006.05.27"]
[Round "1"]
[White "Gehrke, Torsten"]
[Black "Eike, Thomas"]
[Result "1-0"]
[WhiteElo "1712"]
[BlackElo "1706"]
[PlyCount "67"]
[EventDate "2006.05.27"]
[EventType "tourn"]
[EventRounds "7"]
[EventCountry "GER"]
[SourceTitle "EXT 2021"]
[Source "ChessBase"]
[SourceDate "2020.10.23"]
[SourceVersion "1"]
[SourceVersionDate "2020.10.23"]
[SourceQuality "1"]

1. e4 e5 2. Nf3 Nf6 3. d4 Nxe4 4. Bd3 d5 5. Nxe5 Bd6 6. 0-0 0-0 7. Nd2 Nxd2 8. Bxd2 Nc6 9. Nxc6 bxc6 10. Qh5 g6 11. Qh6 Qf6 12. Rae1 Bd7 13. c4 Rfe8 14. c5 Bf8 15. Qf4 Bg7 16. Qxc7 Red8 17. Be3 Qh4 18. Qg3 Qxg3 19. hxg3 Rab8 20. Rb1 a5 21. b3 Rb7 22. Rb2 Rb4 23. a3 Rb7 24. Rd1 Rdb8 25. Bc2 Rb5 26. Rdb1 h6 27. Bd3 R5b7 28. Kf1 f5 29. f4 Re8 30. Kf2 Kf7 31. b4 Reb8 32. Ke2 axb4 33. axb4 Ke7 34. Kd2 1-0

[Event "Hannover Region-ch"]
[Site "Hannover"]
[Date "2006.03.11"]
[Round "5"]
[White "Gehrke, Torsten"]
[Black "Kiesel, Harald"]
[Result "0-1"]
[WhiteElo "1717"]
[BlackElo "2072"]
[PlyCount "52"]
[EventDate "2006.01.14"]
[EventType "swiss"]
[EventRounds "7"]
[EventCountry "GER"]
[SourceTitle "EXT 2021"]
[Source "ChessBase"]
[SourceDate "2020.10.23"]
[SourceVersion "1"]
[SourceVersionDate "2020.10.23"]
[SourceQuality "1"]

1. e4 e6 2. d4 d5 3. Nd2 c5 4. Ngf3 Nc6 5. c3 dxe4 6. Nxe4 cxd4 7. cxd4 Bb4+ 8. Bd2 Bxd2+ 9. Qxd2 Nf6 10. Nxf6+ Qxf6 11. Bb5 Bd7 12. 0-0 0-0 13. Ne5 Rfd8 14. Nxd7 Rxd7 15. Rfd1 Rad8 16. Bxc6 Rxd4 17. Qc2 bxc6 18. h3 g6 19. Rxd4 Qxd4 20. Rc1 h5 21. b3 Rd6 22. Kf1 Qf4 23. g3 Qf3 24. h4 Rd5 25. Qc3 Rd1+ 26. Rxd1 Qxc3 0-1

[Event "Hannover Region-ch"]
[Site "Hannover"]
[Date "2006.01.14"]
[Round "1"]
[White "Gehrke, Torsten"]
[Black "Adibekian, Roubik"]
[Result "0-1"]
[WhiteElo "1717"]
[BlackElo "2084"]
[PlyCount "102"]
[EventDate "2006.01.14"]
[EventType "swiss"]
[EventRounds "7"]
[EventCountry "GER"]
[SourceTitle "EXT 2021"]
[Source "ChessBase"]
[SourceDate "2020.10.23"]
[SourceVersion "1"]
[SourceVersionDate "2020.10.23"]
[SourceQuality "1"]

1. e4 d5 2. exd5 Nf6 3. Nc3 Nxd5 4. Nf3 Bf5 5. Bc4 Nb6 6. Bb3 e6 7. d4 c6 8. 0-0 Be7 9. Qe2 0-0 10. Bf4 N8d7 11. Rad1 Nf6 12. Ne5 Nfd5 13. Bd2 Nd7 14. Nxd7 Nxc3 15. bxc3 Qxd7 16. Bc1 Qc7 17. c4 Rfe8 18. Qf3 Bg6 19. Rfe1 Rad8 20. Bf4 Bd6 21. Bg3 Bxg3 22. hxg3 h6 23. c5 Rd7 24. Re2 Qd8 25. c3 Qf6 26. Qe3 Rde7 27. c4 Qg5 28. Rde1 Qxe3 29. Rxe3 Kf8 30. a4 f6 31. f4 Bf7 32. a5 a6 33. Kf2 Rd7 34. d5 exd5 35. Rxe8+ Bxe8 36. cxd5 cxd5 37. Ba4 Re7 38. Rxe7 Kxe7 39. Bxe8 Kxe8 40. Ke3 Kd7 41. g4 Kc6 42. Kd4 Kb5 43. Kxd5 Kxa5 44. Kc4 Ka4 45. f5 Ka3 46. Kc3 Ka4 47. Kc4 Ka5 48. g3 Ka4 49. c6 bxc6 50. Kc5 a5 51. Kc4 c5 0-1

[Event "Langenhagen-ch op"]
[Site "Langenhagen"]
[Date "2004.05.28"]
[Round "2"]
[White "Schulze, Torben"]
[Black "Gehrke, Torsten"]
[Result "1-0"]
[WhiteElo "1809"]
[BlackElo "1754"]
[PlyCount "65"]
[EventDate "2004.05.21"]
[EventType "swiss"]
[EventRounds "7"]
[EventCountry "GER"]
[SourceTitle "EXT 2021"]
[Source "ChessBase"]
[SourceDate "2020.10.23"]
[SourceVersion "1"]
[SourceVersionDate "2020.10.23"]
[SourceQuality "1"]

1. e4 e5 2. Nc3 Nf6 3. f4 d5 4. fxe5 Nxe4 5. Nf3 Bg4 6. Qe2 Nc6 7. Nxe4 Nd4 8. Qd3 Bxf3 9. gxf3 dxe4 10. Qxe4 Be7 11. c3 Ne6 12. d4 c6 13. Bc4 Qd7 14. f4 0-0-0 15. Be3 Bh4+ 16. Kd1 Nc5 17. Qc2 f5 18. Kc1 Ne4 19. Bd3 Qe7 20. Bxe4 fxe4 21. Qxe4 g6 22. Kc2 Rhf8 23. Raf1 Rf5 24. Rf3 Kb8 25. Rhf1 Rdf8 26. Bc1 Qe6 27. b3 Be7 28. c4 Rd8 29. Rd1 h6 30. Kb1 g5 31. d5 cxd5 32. cxd5 Qf7 33. d6 1-0